[Event "Ì11Â"]
[Site "Loo"]
[Date "2017.04.27"]
[Round "8.3"]
[White "Ñàâåëüåâ, Èâàí."]
[Black "Ïèíãèí, Àðòåì."]
[Result "0-1"]
[WhiteElo "1478"]
[BlackElo "1576"]
[PlyCount "130"]
[EventDate "2017.04.20"]

1. e4 c5 2. Nf3 Nc6 3. Bb5 g6 4. d3 Bg7 5. c3 Nf6 6. h3 O-O 7. Be3 d6 8. Bxc6
bxc6 9. O-O Rb8 10. Qc2 Qb6 11. b3 Qc7 12. Nbd2 Ba6 13. Rad1 Rfc8 14. c4 e5 15.
Rfe1 Rf8 16. Nf1 Ne8 17. Qd2 f5 18. exf5 gxf5 19. Bh6 Rf6 20. Bxg7 Nxg7 21. Ng3
f4 22. Ne4 Rff8 23. Qe2 Bc8 24. Nh2 Be6 25. Ng4 Qe7 26. Nh2 Rbd8 27. Nf3 h6 28.
Qd2 Qf7 29. Qe2 Nf5 30. Nc3 Qg7 31. Qf1 Nd4 32. Nxd4 cxd4 33. Ne4 Bxh3 34. Kh2
Bc8 35. c5 dxc5 36. Nxc5 Rf5 37. Ne4 Kh8 38. f3 Rg8 39. Qf2 Rh5+ 40. Kg1 Bf5
41. Re2 Bxe4 42. Rxe4 Rg5 43. Re2 Rg3 44. Rde1 Qg5 45. Rc1 Qh5 46. Kf1 Qh1+ 47.
Qg1 Rxf3+ 48. Rf2 Rxf2+ 49. Kxf2 Qh4+ 50. Kf1 Qg3 51. Rxc6 Qxd3+ 52. Kf2 Qe3+
53. Kf1 Qxg1+ 54. Kxg1 Rd8 55. Kf2 d3 56. Ke1 e4 57. Rxh6+ Kg7 58. Re6 Rd4 59.
a3 Kf7 60. Re5 Kf6 61. Re8 Kf5 62. Rf8+ Kg4 63. Rg8+ Kh4 64. Rh8+ Kg3 65. Rg8+
Kh2 0-1

[Event "Ì11Â"]
[Site "Loo"]
[Date "2017.04.27"]
[Round "8.4"]
[White "Êðèâåíêî, Äìèòðèé."]
[Black "Ñèìîíÿí, Ãðèãîðèé."]
[Result "1/2-1/2"]
[WhiteElo "1659"]
[BlackElo "1937"]
[PlyCount "127"]
[EventDate "2017.04.20"]

1. d4 Nf6 2. c4 e6 3. g3 d5 4. Bg2 c6 5. Nf3 Bd6 6. Nbd2 Nbd7 7. Qc2 b6 8. O-O
Bb7 9. e4 dxe4 10. Ng5 O-O 11. Ndxe4 Nxe4 12. Bxe4 h6 13. Bh7+ Kh8 14. Bg8 f5
15. Nf7+ Rxf7 16. Bxf7 Qf6 17. Bh5 c5 18. d5 exd5 19. cxd5 Be5 20. Bf3 Bd4 21.
Be3 Bxb2 22. Rab1 Be5 23. Qa4 Qd6 24. Rfd1 Nf6 25. Rd2 g5 26. Qc2 f4 27. Bxc5
bxc5 28. Rxb7 Rg8 29. Qf5 g4 30. Be4 Rg7 31. Rxg7 Kxg7 32. Qg6+ Kf8 33. Qxh6+
Ke7 34. Qg7+ Kd8 35. Bg6 f3 36. Qh8+ Ke7 37. Qg7+ Kd8 38. Qh8+ Ke7 39. Qg7+ Kd8
40. Qxa7 Bd4 41. Qa8+ Kc7 42. Qa5+ Qb6 43. d6+ Kc6 44. Qxb6+ Kxb6 45. Bf5 Kc6
46. d7 Nxd7 47. Bxd7+ Kxd7 48. Kf1 Kc6 49. Ke1 Bc3 50. Kd1 Kb5 51. Rd3 Kc4 52.
Kc2 Be1 53. Re3 Bxf2 54. Re4+ Kd5 55. Rxg4 Be3 56. Kd3 f2 57. Ke2 c4 58. Rg8 c3
59. Rc8 Bc5 60. Rd8+ Bd6 61. Rc8 Bc5 62. Rd8+ Bd6 63. Rc8 Bc5 64. Rd8+ 1/2-1/2

[Event "Ì11Â"]
[Site "Loo"]
[Date "2017.04.27"]
[Round "8.5"]
[White "Âîëêîâ, Ìàêñèì."]
[Black "Èâ÷åíêî, Àëåêñàíäð."]
[Result "1-0"]
[WhiteElo "1862"]
[BlackElo "1664"]
[PlyCount "83"]
[EventDate "2017.04.20"]

1. d4 d5 2. c4 e6 3. Nc3 f5 4. g3 c6 5. Bf4 Nf6 6. Bg2 Be7 7. Nf3 O-O 8. O-O
Bd7 9. Ne5 Be8 10. Qb3 Qb6 11. Na4 Qxb3 12. axb3 Nbd7 13. Nd3 Bf7 14. Rfe1 Rfd8
15. h4 Nf8 16. e3 Ng6 17. Bc7 Rdc8 18. Ba5 b6 19. Bb4 Bxb4 20. Nxb4 Ne4 21.
Rec1 Nd2 22. Rc3 Ne4 23. Rc2 b5 24. Nc3 a5 25. Nba2 Nd6 26. cxb5 cxb5 27. Rac1
Ne7 28. Bf1 Be8 29. f3 Rab8 30. Ne2 b4 31. Nf4 Kf7 32. Rc5 Nc6 33. R1c2 g6 34.
Nc1 Ke7 35. Ncd3 h6 36. Ne5 Rb6 37. Nexg6+ Bxg6 38. Nxg6+ Kd7 39. g4 fxg4 40.
fxg4 Rg8 41. Rxc6 Rxc6 42. Ne5+ 1-0

[Event "Ì11Â"]
[Site "Loo"]
[Date "2017.04.27"]
[Round "8.6"]
[White "Âåòîõèí, Ñàââà."]
[Black "Õóáóêøàíîâ, Ýðäýì."]
[Result "1/2-1/2"]
[WhiteElo "1657"]
[BlackElo "1791"]
[PlyCount "106"]
[EventDate "2017.04.20"]

1. e4 c6 2. d4 d5 3. exd5 cxd5 4. Bd3 Nc6 5. c3 Nf6 6. Bf4 g6 7. Nf3 Bg7 8. O-O
O-O 9. h3 Re8 10. Re1 a6 11. Ne5 Nd7 12. Nxc6 bxc6 13. Nd2 e5 14. dxe5 Nxe5 15.
Bxe5 Bxe5 16. Qa4 Bd7 17. Nf3 Bd6 18. Rxe8+ Qxe8 19. Re1 Qb8 20. Qc2 Ra7 21. b3
c5 22. h4 Bg4 23. Nd2 Qd8 24. g3 Re7 25. Qc1 Qe8 26. Rxe7 Qxe7 27. Qf1 Bxg3 28.
Qg2 Bxh4 29. Qxg4 Qe1+ 30. Nf1 Qxf2+ 31. Kh1 Bf6 32. Qg2 Qh4+ 33. Qh2 Qg4 34.
Qf2 Bxc3 35. Nh2 Qh3 36. Bxa6 Be5 37. Bf1 Qh6 38. a4 Kg7 39. a5 Bb8 40. a6 d4
41. b4 Ba7 42. b5 Qg5 43. Qb2 Qf6 44. Qg2 Qb6 45. Qb7 Qxb7+ 46. axb7 f5 47. b6
Bb8 48. Nf3 Kf6 49. Nd2 Ke5 50. Nc4+ Kd5 51. Na5 c4 52. Bg2+ Kc5 53. Nc6 Bg3
1/2-1/2

[Event "Ì11Â"]
[Site "Loo"]
[Date "2017.04.27"]
[Round "8.7"]
[White "Ïåòðîâñêèé, Íèêèòà."]
[Black "Ïîðîøèí, Àëåêñàíäð."]
[Result "1-0"]
[WhiteElo "1583"]
[BlackElo "1664"]
[PlyCount "147"]
[EventDate "2017.04.20"]

1. e4 c6 2. d4 d5 3. Nd2 dxe4 4. Nxe4 Bf5 5. Ng3 Bg6 6. h4 h6 7. Nf3 Nd7 8. h5
Bh7 9. Bd3 Bxd3 10. Qxd3 e6 11. Bd2 Ngf6 12. O-O-O Bd6 13. Ne4 Nxe4 14. Qxe4
Nf6 15. Qe2 Qc7 16. c4 O-O-O 17. Bc3 Rhe8 18. Ne5 c5 19. Kb1 cxd4 20. Bxd4 Bxe5
21. Bxe5 Qc6 22. Bxf6 gxf6 23. g4 Rd7 24. Rxd7 Qxh1+ 25. Rd1 Qc6 26. Qd3 Qc7
27. Qd4 e5 28. Qxa7 Qb8 29. Qa4 Rd8 30. Rxd8+ Kxd8 31. Qd1+ Ke7 32. Qd2 Qa7 33.
a3 Ke6 34. Ka2 Qc5 35. b3 b6 36. Kb2 e4 37. Ka2 Ke7 38. Qe3 Qg5 39. Qxe4+ Kf8
40. Qe2 f5 41. gxf5 Qxf5 42. a4 Qc5 43. Qf3 Qb4 44. Qe3 Kg7 45. f4 Kf8 46. f5
Qd6 47. Qf2 Kg7 48. Qb2+ f6 49. Qg2+ Kf8 50. Qa8+ Kg7 51. Qb7+ Kf8 52. Qg2 Qd3
53. Qa8+ Kg7 54. Qb7+ Kf8 55. Qc8+ Kg7 56. Qb7+ Kf8 57. Qb8+ Kg7 58. Qa7+ Kf8
59. Qxb6 Qxf5 60. a5 Qc2+ 61. Ka3 Qc1+ 62. Ka4 Qa1+ 63. Kb5 Qb2 64. b4 Kg7 65.
Qc7+ Kg8 66. a6 Qe2 67. a7 Qxh5+ 68. Kb6 Qh1 69. Qb8+ Kg7 70. a8=Q Qg1+ 71. c5
Qxc5+ 72. bxc5 Kg6 73. Qf4 Kh5 74. Qe8# 1-0

[Event "Ì11Â"]
[Site "Loo"]
[Date "2017.04.27"]
[Round "8.8"]
[White "Âîëêîâ, Èëüÿ."]
[Black "Ìàíåëþê, Äàíèèë."]
[Result "0-1"]
[WhiteElo "1404"]
[BlackElo "1976"]
[PlyCount "62"]
[EventDate "2017.04.20"]

1. e4 e6 2. d4 d5 3. Nd2 c5 4. exd5 Qxd5 5. Ngf3 cxd4 6. Bc4 Qd8 7. O-O Nc6 8.
Nb3 Nf6 9. Qe2 Bd6 10. Rd1 Qc7 11. Nbxd4 Nxd4 12. Rxd4 O-O 13. Bg5 e5 14. Rh4
Bf5 15. Bxf6 gxf6 16. Bd3 Bg6 17. Nd2 f5 18. Nc4 Be7 19. Rh3 e4 20. Re3 Bf6 21.
Rg3 exd3 22. cxd3 b5 23. Na3 a6 24. Re1 Qd7 25. Rd1 Rfe8 26. Qd2 Rad8 27. h3
Re6 28. Nc2 Rde8 29. Qh6 Be5 30. Rg5 Bg7 31. Qh4 Bf6 0-1

[Event "Ì11Â"]
[Site "Loo"]
[Date "2017.04.27"]
[Round "8.9"]
[White "Ìåäâåäåâ, Ìàòâåé."]
[Black "Þøèí, Èãîðü."]
[Result "0-1"]
[WhiteElo "1605"]
[BlackElo "1801"]
[PlyCount "150"]
[EventDate "2017.04.20"]

1. e4 c6 2. d4 d5 3. exd5 cxd5 4. c3 Qc7 5. Nf3 Nc6 6. Bd3 Nf6 7. Bg5 Bg4 8.
Nbd2 Nd7 9. Qb3 e6 10. Bh4 Bd6 11. Bg3 Bxg3 12. hxg3 h6 13. Qc2 Bxf3 14. Nxf3
Nf6 15. Qe2 a6 16. a4 Rc8 17. O-O O-O 18. Ne5 Nxe5 19. dxe5 Nd7 20. f4 Nc5 21.
Bc2 Qb6 22. Kh1 Kh8 23. Rab1 Qc6 24. Qd1 Nd7 25. g4 Qc4 26. Bd3 Qc7 27. Rf3 Nc5
28. Bc2 Ne4 29. Qe2 Qc4 30. Qe1 f5 31. gxf5 Rxf5 32. g3 Rf7 33. Bxe4 dxe4 34.
Re3 Qxa4 35. Rxe4 Qc6 36. Kh2 Rcf8 37. Rd1 Rd7 38. Rxd7 Qxd7 39. Rd4 Qb5 40.
Qd2 Qf1 41. Qc2 Rf5 42. g4 Rxf4 43. Rd8+ Rf8 44. Rxf8+ Qxf8 45. Kg3 Qc5 46. Qe4
Qg1+ 47. Kh3 Qf1+ 48. Kg3 Qb5 49. Qd4 Kh7 50. Qe4+ Kg8 51. Qd4 Qc6 52. Qd3 Kf7
53. Qf1+ Ke7 54. Qd3 Qd5 55. Qe3 g5 56. Qe2 Kd7 57. Kh3 b5 58. Kg3 Kc6 59. b4
Kb7 60. Kh3 Qh1+ 61. Kg3 Kc6 62. Qe3 Qd5 63. Qe2 Kb6 64. Qe3+ Kc6 65. Qe2 Qh1
66. c4 Qg1+ 67. Kh3 Qd4 68. Qf3+ Kc7 69. Qf7+ Qd7 70. Qf1 bxc4 71. Qxc4+ Qc6
72. Qd3 Qh1+ 73. Kg3 Qh4+ 74. Kg2 Qxg4+ 75. Kf1 Qf5+ 0-1

[Event "Ì11Â"]
[Site "Loo"]
[Date "2017.04.27"]
[Round "8.10"]
[White "Ãðóíèí, Äåíèñ."]
[Black "Ôîìèí, Íèêèòà."]
[Result "1-0"]
[WhiteElo "1556"]
[BlackElo "1612"]
[PlyCount "79"]
[EventDate "2017.04.20"]

1. e4 e5 2. Nf3 Nc6 3. Bb5 a6 4. Ba4 d6 5. O-O Bd7 6. d4 Nxd4 7. Bxd7+ Qxd7 8.
Nxd4 exd4 9. Qxd4 Nf6 10. Bg5 Be7 11. Nc3 O-O 12. Rad1 Rfe8 13. e5 c5 14. Qh4
h6 15. Bxf6 Bxf6 16. exf6 Re6 17. fxg7 Rg6 18. Nd5 Kxg7 19. Nf4 Rg4 20. Nh5+
Kh8 21. Qf6+ Kh7 22. Rxd6 Rxg2+ 23. Kxg2 Qg4+ 24. Ng3 Rf8 25. Qxh6+ Kg8 26. Rd5
f5 27. Rxc5 a5 28. Rxf5 Rxf5 29. Qe6+ Kg7 30. Qxf5 Qxf5 31. Nxf5+ Kf6 32. Ne3
Ke6 33. h4 a4 34. h5 a3 35. bxa3 b5 36. a4 bxa4 37. c4 a3 38. h6 Kf6 39. c5 Kg6
40. Kf3 1-0

[Event "Ì11Â"]
[Site "Loo"]
[Date "2017.04.27"]
[Round "8.11"]
[White "Åðìàêîâ, Ìàêñèì."]
[Black "Ôîìêèí, Äìèòðèé."]
[Result "0-1"]
[WhiteElo "1429"]
[BlackElo "1579"]
[PlyCount "94"]
[EventDate "2017.04.20"]

1. d4 d5 2. Nf3 Nf6 3. e3 c6 4. Bd3 Bg4 5. Nbd2 e6 6. c3 Be7 7. Qc2 O-O 8. e4
dxe4 9. Nxe4 Nbd7 10. Nxf6+ Nxf6 11. Ne5 Bh5 12. O-O c5 13. Be3 Rc8 14. dxc5
Qd5 15. Nc4 Rfd8 16. Rad1 Bxd1 17. Rxd1 Qh5 18. b4 Nd5 19. Bd4 Kh8 20. Ne5 f6
21. Be2 Qe8 22. Nf3 e5 23. Be3 Nxe3 24. fxe3 Rxd1+ 25. Qxd1 Rd8 26. Qc2 Qd7 27.
Kf1 b6 28. cxb6 axb6 29. Qb3 Qf5 30. Ke1 Qe4 31. Kf2 Qc6 32. Bc4 b5 33. Be6 Rd3
34. Bf5 Rxc3 35. Qf7 Bxb4 36. Bd7 Qa8 37. Bxb5 Bc5 38. Kg3 Qb8 39. Qe8+ Qxe8
40. Bxe8 Rxe3 41. Kg4 g6 42. Nh4 f5+ 43. Kg5 Be7+ 44. Kh6 Bxh4 45. a4 Re2 46.
Bc6 Bf2 47. a5 Be3# 0-1

[Event "Ì11Â"]
[Site "Loo"]
[Date "2017.04.27"]
[Round "8.12"]
[White "Ãàøåâ, Ìàòâåé."]
[Black "Êî÷åòîâ, Âëàäèñëàâ."]
[Result "0-1"]
[WhiteElo "1582"]
[BlackElo "1648"]
[PlyCount "84"]
[EventDate "2017.04.20"]

1. d4 Nf6 2. b3 g6 3. Bb2 Bg7 4. Nf3 O-O 5. e3 b6 6. Be2 Bb7 7. c4 c5 8. O-O d6
9. d5 e6 10. dxe6 fxe6 11. Nbd2 d5 12. Qc2 Nc6 13. Rfd1 Qc7 14. a3 Rad8 15.
cxd5 exd5 16. Bb5 Rfe8 17. Rac1 Rc8 18. b4 cxb4 19. axb4 a6 20. Bxc6 Qxc6 21.
Qxc6 Bxc6 22. Nd4 Bb7 23. N2f3 Ne4 24. Kf1 g5 25. h3 h6 26. Ba1 Rxc1 27. Rxc1
Rc8 28. Rxc8+ Bxc8 29. Ke2 a5 30. bxa5 bxa5 31. Nd2 Ba6+ 32. Ke1 Nxd2 33. Kxd2
Bf1 34. g3 Bxh3 35. Bc3 a4 36. Kc2 Bg4 37. Kb2 h5 38. Nb5 h4 39. gxh4 gxh4 40.
Bxg7 Kxg7 41. Nd4 h3 42. f3 h2 0-1

[Event "Ì11Â"]
[Site "Loo"]
[Date "2017.04.27"]
[Round "8.13"]
[White "Îãëîáëèí, Èëüÿ."]
[Black "Òàðàñåíêî, ßðîñëàâ."]
[Result "0-1"]
[WhiteElo "1475"]
[BlackElo "1629"]
[PlyCount "110"]
[EventDate "2017.04.20"]

1. e4 c5 2. Nf3 g6 3. d4 cxd4 4. Nxd4 Nc6 5. Nc3 Bg7 6. Nb3 Nf6 7. Be2 O-O 8.
O-O a6 9. Re1 b5 10. Bf1 d6 11. Nd5 Bb7 12. Bg5 Nxd5 13. exd5 Ne5 14. f4 Qb6+
15. Qd4 Nf3+ 16. gxf3 Bxd4+ 17. Kh1 Bxd5 18. Nd2 Bxb2 19. Rad1 Bc3 20. Bg2 e6
21. Rg1 Bxd2 22. Rxd2 f5 23. h4 Qe3 24. Rd3 Qc5 25. Rdd1 Qc6 26. h5 Kf7 27. Kh2
Rfc8 28. Rd2 Qc3 29. Rgd1 Rc6 30. h6 Bxf3 31. Rd3 Bxd1 32. Rxc3 Rxc3 33. Bxa8
Rxc2+ 34. Kg1 Rxa2 35. Kf1 b4 36. Ke1 Bg4 37. Bg2 b3 38. Bf1 b2 39. Bd3 b1=Q+
40. Bxb1 Ra1 41. Kd2 Rxb1 42. Kc2 Rb8 43. Bh4 e5 44. Bg3 Ke6 45. Bh2 a5 46. Bg1
a4 47. Be3 a3 48. Bc1 Rc8+ 49. Kb1 Rxc1+ 50. Ka2 exf4 51. Kb3 f3 52. Ka2 f2 53.
Kb3 f1=Q 54. Ka4 Rb1 55. Ka5 Qb5# 0-1

[Event "Ì11Â"]
[Site "Loo"]
[Date "2017.04.27"]
[Round "8.15"]
[White "Àëåêñååâ, Àíäðåé."]
[Black "Ãîäæóðîâ, Ëèäæè."]
[Result "0-1"]
[WhiteElo "1257"]
[BlackElo "1587"]
[PlyCount "96"]
[EventDate "2017.04.20"]

1. e4 c5 2. Nc3 d6 3. g3 Nc6 4. Bg2 g6 5. Nge2 Bg7 6. d3 Nf6 7. h3 O-O 8. O-O
e6 9. f4 d5 10. e5 Nd7 11. g4 f6 12. exf6 Nxf6 13. Ng3 a6 14. Qe1 Nd4 15. Rf2
Qd6 16. Be3 Nc6 17. g5 Nd7 18. Nce2 Nb4 19. Qd1 b5 20. c3 Nc6 21. h4 Bb7 22. h5
Ne7 23. h6 Bh8 24. d4 c4 25. b3 Nf5 26. Nxf5 exf5 27. Rb1 Rfe8 28. Bd2 Nb6 29.
Nc1 Re7 30. bxc4 Nxc4 31. Nd3 Rc8 32. Ne5 Bxe5 33. fxe5 Qb6 34. a4 Qa5 35. axb5
axb5 36. Ra1 Qb6 37. Qb3 Bc6 38. Re1 Re6 39. Kh1 Ra8 40. Qc2 Qa5 41. Qd3 Qa3
42. Bh3 Nxd2 43. Rxd2 Ra4 44. Rf1 Bd7 45. Bxf5 gxf5 46. Rxf5 Ra8 47. Qf3 Rf8
48. Rf2 Rxf5 0-1

[Event "Ì11Â"]
[Site "Loo"]
[Date "2017.04.27"]
[Round "8.16"]
[White "Îñíîâèí, Åãîð."]
[Black "Ïîíêðàòîâ, Àëåêñåé."]
[Result "1-0"]
[WhiteElo "1512"]
[BlackElo "1391"]
[PlyCount "99"]
[EventDate "2017.04.20"]

1. e4 e5 2. Nf3 Nc6 3. Bb5 a6 4. Bxc6 dxc6 5. d4 exd4 6. Qxd4 Qxd4 7. Nxd4 Bc5
8. Be3 Bd7 9. Nc3 O-O-O 10. Nxc6 Bxc6 11. Bxc5 Bxe4 12. Nxe4 Re8 13. f3 f5 14.
Bd4 Nf6 15. Bxf6 gxf6 16. O-O fxe4 17. fxe4 Rxe4 18. Rxf6 Re2 19. Rf2 Rhe8 20.
Raf1 b6 21. g3 Kb7 22. Kg2 Kc8 23. Rxe2 Rxe2+ 24. Rf2 Re7 25. h3 Kb7 26. g4 Rg7
27. Rf5 Kc6 28. Kg3 Kd6 29. h4 Ke6 30. Rf2 a5 31. a4 Rg6 32. b3 Rg7 33. g5 Ke7
34. Kg4 Ke6 35. Kh5 Rg6 36. Rf6+ Rxf6 37. gxf6 Kxf6 38. Kh6 c6 39. Kxh7 Kf7 40.
h5 b5 41. c3 Kf6 42. Kg8 Kg5 43. Kf7 Kxh5 44. Ke6 Kg5 45. Kd6 bxa4 46. bxa4 Kf6
47. Kxc6 Ke6 48. c4 Ke5 49. c5 Ke6 50. Kb7 1-0

[Event "Ì11Â"]
[Site "Loo"]
[Date "2017.04.27"]
[Round "8.17"]
[White "Àóøåâ, Ýìèí."]
[Black "Èñìàãèëîâ, Èãîðü."]
[Result "0-1"]
[WhiteElo "1364"]
[BlackElo "1853"]
[PlyCount "150"]
[EventDate "2017.04.20"]

1. e4 c5 2. Nf3 Nc6 3. d4 cxd4 4. Nxd4 Nf6 5. Nc3 e6 6. Ndb5 Bb4 7. a3 Bxc3+ 8.
Nxc3 d5 9. exd5 Nxd5 10. Nxd5 Qxd5 11. Qxd5 exd5 12. Bb5 Bf5 13. c3 a6 14. Be2
O-O 15. O-O Rfe8 16. Re1 Bd3 17. Be3 Bxe2 18. Rxe2 d4 19. cxd4 Nxd4 20. Bxd4
Rxe2 21. Kf1 Rd2 22. Bc3 Rd7 23. Re1 f6 24. g3 Kf7 25. h4 Re8 26. Rc1 Kg6 27.
Kg2 b5 28. Kf3 Rd3+ 29. Kg2 Kf5 30. Rc2 Rd1 31. f3 h5 32. Bb4 Rb1 33. Bc3 Rd8
34. Bd2 Rd3 35. Kf2 Rh1 36. Kg2 Rd1 37. Bc3 Re3 38. Kf2 Rdd3 39. Kg2 Rxf3 40.
Be1 Rfe3 41. Bf2 Re5 42. Bb6 Red5 43. Ba5 Kg4 44. Be1 Rd1 45. Rf2 R5d4 46. Bc3
Re4 47. Bd2 g5 48. hxg5 fxg5 49. Ba5 Rd3 50. Bc7 Rde3 51. Kf1 Rf3 52. Kg2 Rxf2+
53. Kxf2 h4 54. gxh4 gxh4 55. a4 Rxa4 56. b4 Ra2+ 57. Kg1 Kf3 58. Kh1 h3 59.
Kg1 Rc2 60. Be5 Rc4 61. Kh2 Kg4 62. Kg1 Rxb4 63. Kh1 Rb1+ 64. Kh2 Rb3 65. Kg1
a5 66. Bh2 Rb1+ 67. Kf2 Rb2+ 68. Kg1 Rxh2 69. Kxh2 b4 70. Kh1 b3 71. Kg1 b2 72.
Kh2 a4 73. Kg1 Kf3 74. Kh2 b1=Q 75. Kxh3 Qh7# 0-1

[Event "Ì11Â"]
[Site "Loo"]
[Date "2017.04.27"]
[Round "8.18"]
[White "Ñîëîíåíêî, Ìàêñèì."]
[Black "Òàíäåëîâ, Àðñåíèé."]
[Result "0-1"]
[WhiteElo "1598"]
[BlackElo "1305"]
[PlyCount "60"]
[EventDate "2017.04.20"]

1. e4 c5 2. Nf3 g6 3. d4 Bg7 4. c3 cxd4 5. cxd4 d6 6. Nc3 Nf6 7. Bb5+ Bd7 8.
Bxd7+ Nbxd7 9. O-O O-O 10. Bf4 Rc8 11. Qd2 Qb6 12. Rab1 Rfe8 13. Rfd1 a5 14. e5
Nh5 15. Be3 Bh8 16. Nd5 Qd8 17. exd6 exd6 18. Bg5 Nhf6 19. Rbc1 Rxc1 20. Rxc1
Ne4 21. Qf4 Nxg5 22. Nxg5 Rf8 23. Qxd6 Qxg5 24. f4 Qd8 25. Rc7 Nf6 26. Ne7+ Kg7
27. Qe5 h6 28. Rc8 Qb6 29. Nd5 Qe6 30. Nxf6 Qxe5 0-1

[Event "Ì11Â"]
[Site "Loo"]
[Date "2017.04.27"]
[Round "8.19"]
[White "Æóðàâëåâ, Àðòåì."]
[Black "ßêóøêîâ, Ïàâåë."]
[Result "0-1"]
[WhiteElo "1501"]
[BlackElo "1404"]
[PlyCount "108"]
[EventDate "2017.04.20"]

1. c4 e6 2. g3 d5 3. cxd5 exd5 4. d4 Nf6 5. Bg2 Be7 6. Nf3 Bf5 7. O-O O-O 8.
Nc3 h6 9. Bf4 Nc6 10. a3 a5 11. Rc1 Nh5 12. Bd2 Nf6 13. Qb3 Qd7 14. e3 Rab8 15.
Nh4 Be6 16. Bh1 Rfd8 17. Ng2 Bf8 18. Nf4 g5 19. Nxe6 Qxe6 20. Bg2 Bg7 21. Na4
b5 22. Nc5 Qd6 23. Qc2 Rb6 24. b4 a4 25. Qb2 Ne8 26. Rc3 Nxd4 27. exd4 Bxd4 28.
Re1 Ng7 29. Be3 Bxc3 30. Qxc3 d4 31. Bxd4 Qxd4 32. Qxd4 Rxd4 33. Re7 Rd1+ 34.
Bf1 Ne6 35. Nxe6 Rxe6 36. Rxe6 fxe6 37. Kg2 Ra1 38. Bxb5 Rxa3 39. Bd7 e5 40. b5
Kf7 41. Bc6 Ke6 42. h3 Kd6 43. Be8 Kc5 44. Kf1 Rb3 45. b6 cxb6 46. Bxa4 Ra3 47.
Be8 b5 48. h4 b4 49. Bf7 b3 50. Bxb3 Rxb3 51. hxg5 hxg5 52. f4 exf4 53. gxf4
gxf4 54. Kf2 Kd4 0-1

[Event "Ì11Â"]
[Site "Loo"]
[Date "2017.04.27"]
[Round "8.20"]
[White "Òþãàøåâ, Ãðèãîðèé."]
[Black "Êóð÷åíêî, Åãîð."]
[Result "1-0"]
[WhiteElo "1524"]
[BlackElo "1594"]
[PlyCount "121"]
[EventDate "2017.04.20"]

1. d4 d5 2. c4 e5 3. dxe5 d4 4. Nf3 Nc6 5. g3 Be6 6. b3 Qd7 7. Bb2 O-O-O 8.
Nbd2 Nge7 9. Bg2 Ng6 10. O-O Ngxe5 11. Nxe5 Nxe5 12. Nf3 Nxf3+ 13. Bxf3 Bh3 14.
Bg2 h5 15. Qxd4 Bxg2 16. Qxd7+ Rxd7 17. Kxg2 Rd2 18. Rab1 Rxe2 19. Rfe1 Rd2 20.
Kf3 Bc5 21. Re2 Rxe2 22. Kxe2 Re8+ 23. Kf1 g6 24. Re1 Rxe1+ 25. Kxe1 Kd7 26. h3
Ke6 27. Ke2 Bd6 28. Kf3 Be5 29. Bxe5 Kxe5 30. Ke3 c5 31. f4+ Kf5 32. Kf3 f6 33.
Ke3 g5 34. Kf3 g4+ 35. hxg4+ hxg4+ 36. Ke3 Ke6 37. Ke4 f5+ 38. Kd3 Kd6 39. Kc3
a5 40. a3 b6 41. b4 cxb4+ 42. axb4 a4 43. Kb2 Kc6 44. Ka2 a3 45. Kxa3 Kd6 46.
Kb3 Kc6 47. b5+ Kc7 48. Kc3 Kd7 49. Kd4 Kd6 50. c5+ bxc5+ 51. Kc4 Kd7 52. Kxc5
Kc7 53. b6+ Kb7 54. Kd5 Kxb6 55. Ke6 Kc6 56. Kxf5 Kd6 57. Kxg4 Ke7 58. f5 Kf7
59. Kf4 Kf6 60. g4 Kf7 61. g5 1-0

[Event "Ì11Â"]
[Site "Loo"]
[Date "2017.04.27"]
[Round "8.21"]
[White "Âëàñîâ, Äìèòðèé."]
[Black "Âàôèí, Òàãèð."]
[Result "0-1"]
[WhiteElo "1304"]
[BlackElo "1428"]
[PlyCount "86"]
[EventDate "2017.04.20"]

1. e4 e6 2. d4 d5 3. e5 c5 4. c3 Qb6 5. Nf3 Nc6 6. Be2 cxd4 7. cxd4 Nge7 8. Nc3
Nf5 9. Be3 Qxb2 10. Nb5 Qb4+ 11. Bd2 Qe7 12. Qa4 Qd8 13. Rc1 Bd7 14. g4 a6 15.
gxf5 axb5 16. Qb3 Ra3 17. Qb2 exf5 18. Bxb5 Rxf3 19. Be3 Qa5+ 20. Kf1 Ba3 21.
Qb1 Bxc1 22. Bxc1 Qb4 23. Qxb4 Nxb4 24. Bxd7+ Kxd7 25. Be3 Rxe3 26. fxe3 Nxa2
27. Ke2 Nc3+ 28. Kd3 Ne4 29. Rb1 Rb8 30. Rb6 Kc7 31. Rb5 Kc6 32. Rb1 b5 33.
Rc1+ Kd7 34. Rf1 g6 35. h4 b4 36. Rb1 b3 37. Rb2 h6 38. Ke2 f6 39. exf6 Nxf6
40. Kf3 g5 41. hxg5 hxg5 42. Kg2 Ne4 43. Kf3 Nd6 0-1

[Event "Ì11Â"]
[Site "Loo"]
[Date "2017.04.27"]
[Round "8.22"]
[White "Áóãàåö, Äàíèèë."]
[Black "Äðîçäîâ, Ìàêñèì."]
[Result "1/2-1/2"]
[WhiteElo "1418"]
[BlackElo "1385"]
[PlyCount "164"]
[EventDate "2017.04.20"]

1. Nf3 d5 2. d4 e6 3. c4 Nf6 4. Bg5 c6 5. e3 h6 6. Bh4 Be7 7. Nc3 O-O 8. Bd3
Nbd7 9. O-O dxc4 10. Bxc4 b5 11. Bd3 a6 12. Rc1 Bb7 13. Qe2 c5 14. dxc5 Nxc5
15. Bc2 Qc7 16. Bg3 Qb6 17. Rfd1 Rfd8 18. Nd4 Rac8 19. a3 Nfe4 20. Nxe4 Nxe4
21. Bxe4 Bxe4 22. Qg4 Qb7 23. Be5 Bf8 24. f3 Bh7 25. Ne2 Rxc1 26. Rxc1 Qd5 27.
Qd4 f6 28. Qxd5 Rxd5 29. Bc3 e5 30. e4 Rc5 31. Bd2 Rxc1+ 32. Bxc1 Bc5+ 33. Kf1
Kf7 34. Nc3 Ke6 35. Ke2 Kd6 36. Kd3 Bg8 37. Be3 Bc4+ 38. Kd2 Bxe3+ 39. Kxe3 g5
40. b4 Ke6 41. g3 Bb3 42. Kd3 Kd6 43. Ke3 Kc6 44. f4 Kd6 45. fxg5 fxg5 46. Kf3
h5 47. Ke3 g4 48. Kd3 Kc6 49. Ke3 Kb6 50. Kd3 a5 51. Ke3 axb4 52. axb4 Bc4 53.
Kf2 Kc6 54. Ke3 Kd6 55. Kf2 Ke6 56. Ke3 Kf6 57. Kf2 Kg5 58. Ke3 h4 59. Kf2 Bd3
60. Ke3 Bc4 61. Kd2 hxg3 62. hxg3 Kf6 63. Nd1 Be6 64. Nf2 Ke7 65. Nd3 Kd6 66.
Ke3 Bf7 67. Nf2 Be6 68. Kd2 Ke7 69. Nd3 Kd6 70. Kc3 Bf7 71. Nf2 Be6 72. Nd1 Bf7
73. Ne3 Be6 74. Nc2 Bf7 75. Kd3 Be8 76. Ke3 Bf7 77. Ne1 Ke7 78. Nc2 Kd6 79. Ke2
Ba2 80. Ne3 Be6 81. Nd1 Bb3 82. Ne3 Be6 1/2-1/2

[Event "Ì11Â"]
[Site "Loo"]
[Date "2017.04.27"]
[Round "8.23"]
[White "Ãóáàðåâ, Âëàäèñëàâ."]
[Black "Ïîíîìàðåâ, Âñåâîëîä."]
[Result "1/2-1/2"]
[WhiteElo "1399"]
[BlackElo "1343"]
[PlyCount "109"]
[EventDate "2017.04.20"]

1. d4 d5 2. c4 e6 3. Nc3 Nf6 4. cxd5 exd5 5. Bg5 c6 6. e3 Bf5 7. Nf3 Be7 8. Bd3
Bxd3 9. Qxd3 O-O 10. O-O Nbd7 11. Rae1 Re8 12. e4 dxe4 13. Nxe4 Nxe4 14. Rxe4
Bxg5 15. Rxe8+ Qxe8 16. Nxg5 Nf6 17. Qe3 Qd7 18. Qb3 Re8 19. Nf3 Re7 20. Qa3 a6
21. Ne5 Qc7 22. Qc5 Nd5 23. Qc2 Qb6 24. Qf5 Nf6 25. Ng4 Qxd4 26. Qc8+ Ne8 27.
Ne3 g6 28. b3 Qd7 29. Qxd7 Rxd7 30. Re1 Nf6 31. Nc4 Nd5 32. g3 Re7 33. Kf1
Rxe1+ 34. Kxe1 Kf8 35. Na5 Nb4 36. Nxb7 Nxa2 37. Nd8 Nb4 38. Kd2 Ke7 39. Nb7
Kd7 40. Kc3 Kc7 41. Nc5 a5 42. Ne4 h6 43. Kc4 f5 44. Nf6 Kd6 45. Ne8+ Ke7 46.
Nc7 Kd7 47. Na8 Kc8 48. Nb6+ Kc7 49. Na4 Kd6 50. Nc5 Kc7 51. Ne6+ Kb6 52. h4
Nd5 53. Nf8 g5 54. hxg5 hxg5 55. Ne6 1/2-1/2

[Event "Ì11Â"]
[Site "Loo"]
[Date "2017.04.27"]
[Round "8.25"]
[White "Òîìîâ, Åâãåíèé."]
[Black "Æèðêîâ, Âëàäèñëàâ."]
[Result "1-0"]
[WhiteElo "1336"]
[BlackElo "1485"]
[PlyCount "63"]
[EventDate "2017.04.20"]

1. c4 e5 2. Nc3 Nf6 3. d3 Nc6 4. Bg5 Be7 5. Nf3 d6 6. e3 Be6 7. Be2 O-O 8. O-O
Nd7 9. Bxe7 Nxe7 10. d4 exd4 11. Nxd4 Nb6 12. b3 Ng6 13. Bd3 Ne5 14. Be4 c6 15.
Qc2 h6 16. Bf5 Bxf5 17. Nxf5 Qf6 18. Rad1 Rfd8 19. Ng3 Rac8 20. Qf5 Qe7 21. Qe4
Rc7 22. h3 Qf8 23. c5 Nbd7 24. Rxd6 Re8 25. b4 Rcc8 26. Rfd1 Re6 27. Qd4 Rd8
28. f4 Rg6 29. Nge4 Re8 30. fxe5 Nxe5 31. Ne2 Qe7 32. Nf4 1-0

[Event "Ì13Ï"]
[Site "Loo"]
[Date "2017.04.27"]
[Round "8.1"]
[White "Øêóðàòîâ, Âëàäèìèð."]
[Black "Ãàáèòîâ, Áóëàò."]
[Result "1/2-1/2"]
[WhiteElo "1739"]
[BlackElo "1790"]
[PlyCount "80"]
[EventDate "2017.04.20"]

1. e4 c5 2. Nf3 e6 3. d4 cxd4 4. Nxd4 Nc6 5. Nc3 Qc7 6. Be2 a6 7. O-O Nf6 8.
Be3 Be7 9. f4 d6 10. Qe1 O-O 11. Qg3 Nxd4 12. Bxd4 b5 13. a3 Bb7 14. Rae1 Rad8
15. Bd3 Rd7 16. Kh1 Re8 17. e5 dxe5 18. Bxe5 Qd8 19. Ne4 Nh5 20. Qh3 g6 21. Re3
f5 22. Ng3 Nf6 23. Bxf6 Bxf6 24. b3 Bd4 25. Re2 Rde7 26. Rfe1 Bc3 27. Rd1 Qc7
28. Qh4 Qc6 29. Qh3 Qc7 30. Qh4 Qc6 31. Qh3 Kg7 32. Nf1 e5 33. fxe5 Rxe5 34.
Rxe5 Rxe5 35. Kg1 Bd4+ 36. Kh1 Bc3 37. Kg1 Qc5+ 38. Kh1 Qc6 39. Kg1 Bd4+ 40.
Kh1 Bc3 1/2-1/2

[Event "Ì13Ï"]
[Site "Loo"]
[Date "2017.04.27"]
[Round "8.2"]
[White "Ìàêèíÿí, Ðóáåí."]
[Black "Êóçüìèí, Àðñåíèé."]
[Result "1-0"]
[WhiteElo "1713"]
[BlackElo "1877"]
[PlyCount "119"]
[EventDate "2017.04.20"]

1. e4 c5 2. c3 e6 3. d4 d5 4. e5 Nc6 5. Nf3 Qb6 6. a3 cxd4 7. cxd4 Nge7 8. b4
Nf5 9. Bb2 Bd7 10. Be2 Be7 11. O-O O-O 12. Bd3 g6 13. Bxf5 gxf5 14. Qd2 a5 15.
bxa5 Nxa5 16. Bc3 Nc4 17. Qh6 f6 18. exf6 Rxf6 19. Qg5+ Kh8 20. Ne5 Nxe5 21.
dxe5 Rg8 22. Qxg8+ Kxg8 23. exf6 Bc5 24. Nd2 Bb5 25. Rab1 Qa6 26. Rfe1 Bd3 27.
Rb3 Bc4 28. Nxc4 Qxc4 29. Reb1 b6 30. Be5 Qe2 31. Bg3 f4 32. R3b2 Qg4 33. h3
Qg5 34. Bh2 f3 35. Bg3 h5 36. h4 Qxf6 37. a4 fxg2 38. Kxg2 Qg6 39. Kh2 Qg4 40.
a5 bxa5 41. Rb7 Bb4 42. Rc1 e5 43. Rcc7 e4 44. Rb8+ Bf8 45. Rcc8 Qf3 46. Rxf8+
Qxf8 47. Rxf8+ Kxf8 48. Be5 Ke7 49. Kg3 Ke6 50. Kf4 a4 51. Bd4 a3 52. Kg5 a2
53. Kxh5 Kf5 54. Kh6 Kg4 55. h5 Kf3 56. Kg6 a1=Q 57. Bxa1 Kxf2 58. h6 e3 59. h7
e2 60. Bc3 1-0